LEADER 01328nam a2200289 u 4500 001 000000074090 003 CaOOAMICUS 005 20070226122425.0 008 021129s2001 nl u000 u eng u 020 $a9041117318 035 $a10946572 040 $aPUL(R)$bita 100 1 $aOrlu Nmehielle, Vincent O.$0(OLS)http://pul/name/49111 245 14$aThe African Human Rights System :$bits law, practice and institutions /$cVincent O. Orlu Nmehielle. 260 $aThe Hague :$bMartinus Nijhoff Publishers,$cc2001. 300 $a443 p. ;$c23 cm 490 1 $aInternational Studies in Human Rights ;$v69 500 $aContiene indice analitico. 504 $aBibliografia in nota. 650 4$aDiritti umani$xDiritto e legislazione$zAfrica.$0(OLS)http://pul/subject/25953 830 0$aInternational Studies in Human Rights ;$v69.$0(OLS)http://pul/title/40820 850 $aPUL 852 $aPUL$W1$xSL Diritto e Scienze Sociali 3$y79$m323 ORLVI 1$j95641$nBK-PRI$b $qDDC 21$B95641$CPULBib$Z2$F95641 $H90249 $81 941 1 $a9 996 $6020$a9041117318$9(OLS)http://pul/number/95826 996 $6245$aThe African Human Rights System :$bits law, practice and institutions$9(OLS)http://pul/title/97367 996 $6260$aThe Hague :$bMartinus Nijhoff Publishers$9(OLS)http://pul/publisher/69844 LEADER 01615nam a2200301 a 4500 001 000000174873 003 CaOOAMICUS 005 20220105121708.0 008 220105s2021 fr m 001 u fre r 020 $a978-2-7295-9191-5* 032 $aLibriCat 040 $aPUL$bita 100 1 $aMarliave, Marie-Caroline de.$0(OLS)http://pul/name/112419 245 10$aDe la présence intérieure du Maitre à sa venue : $breprendre le thème du Christ comme Maitre avec Soren Kierkegaard /$cMarie-Caroline de Marliave. 260 $aVilleneuve-D'Ascq :$bAtelier national de reproduction des thèses,$c2021. 300 $a384 p.;$b$a24 cm 440 0$aThèse à la carte 490 1 $aIn testa al front.: Institut Catholique de Paris, Faculté de Théologie et de Sciences Religieuses, Cycle des Etudes du Doctorat 504 $aBibliografia in nota e alle p. 363-384. 700 1 $aInstitut catholique de Paris.$bFaculté de thèologie Theologicum.$kTesi.$0(OLS)http://pul/name/110966 830 0$aThèse à la carte.$0(OLS)http://pul/title/216242 850 $aPUL 852 $aPUL$W1$xDP1 Tesi Varie$y51$m2021 B 7$j199159$qTesi$B203837$CPULBib$Z2$F203837 $82 996 $6020$a978-2-7295-9191-5*$9(OLS)http://pul/number/168417 996 $6245$aDe la présence intérieure du Maitre à sa venue : $breprendre le thème du Christ comme Maitre avec Soren Kierkegaard$9(OLS)http://pul/title/216241 996 $6440$aThèse à la carte$9(OLS)http://pul/title/216242 996 $6260$aVilleneuve-D'Ascq :$bAtelier national de reproduction des thèses$9(OLS)http://pul/publisher/87322